Les mots en "ette" mais masculins - Statistiques

Statistiques générales
  • Ce quiz a été pris 118 fois
  • Le résultat moyen est 5 sur 19
Statistiques - réponses
Définition Initiale Mot % Correct
Tous les os S Squelette
92%
5 jazzmen Q Quintette
66%
4 jazzmen Q Quartette
65%
7 jazzmen S Septette
62%
8 jazzmen O Octette
61%
6 jazzmen S Sextette
44%
Musicien T Trompette
34%
Genre musical M Musette
31%
Langue balte L Lette
29%
Chariot de manutention T Transpalette
17%
Enregistreur dépassé M Magnétocassette
8%
Petit café suisse R Ristrette
6%
Soulage les efforts E Exosquelette
5%
Echassier G Gambette
4%
Echec en Belgique P Pette
4%
Structure de la cellule C Cytosquelette
3%
Rose d'inde T Tagette
3%
Porte-étendard C Cornette
1%
Jeu d'enfant G Gripette
1%
Aucun quiz correspondant
Distribution des résultats
% des personnes avec chaque résultat
Percentile par nombre de réponses
Votre historique - résultats
Vous n’avez pas pris ce quiz